The great barrier reef: and some mention of other australian coral reefs

Zapisane w:
Opis bibliograficzny
1. autor: Dakin, William J (Autor)
Format: Książka
Język:angielski
Wydane: Sydney Walkabout Pocketbooks 1968
Hasła przedmiotowe:
Etykiety: Dodaj etykietę
Nie ma etykietki, Dołącz pierwszą etykiete!

MARC

LEADER 00000nam a2200000 a 4500
001 UCY3374
003 CL-VaPUC
008 941222e19680000AT |||||||||||||||||eng|d
082 0 4 |a 551.424  |b DAK  |2 21 
100 0 |a Dakin, William J  |e author  |9 331640 
245 1 4 |a The great barrier reef: and some mention of other australian coral reefs 
300 |a 176 p 
942 |c BK 
945 |d 19941222 00:00:00  |a mfernand 
260 |a Sydney  |b Walkabout Pocketbooks  |c 1968 
650 0 |a Arrecifes  |9 262075 
650 0 |a Fauna marina  |9 261231 
650 7 |a FLORA MARINA  |2 CL-VaPUC  |9 331641 
651 0 |a Australia  |9 262077 
583 |a last modification  |c 19941222 00:00:00  |k Rodrigo Vera 
999 |c 231528  |d 231526 
952 |0 0  |1 0  |4 0  |6 551_424000000000000_DAK_1968  |7 0  |8 CCM  |9 234854  |a BIBCUR  |b BIBCUR  |d 2019-11-15  |i 304601K  |o 551.424 DAK 1968  |p 304601K  |r 2025-04-22  |w 2019-11-15  |y BK  |k CIM